Upkar's at a glance (objective questions with explanatory answers) : (Record no. 36351)

MARC details
000 -LEADER
fixed length control field 00678nam a22002057a 4500
005 - DATE AND TIME OF LATEST TRANSACTION
control field 20180604144701.0
008 - FIXED-LENGTH DATA ELEMENTS--GENERAL INFORMATION
fixed length control field 100528t xxu||||| |||| 00| 0 eng d
020 ## - INTERNATIONAL STANDARD BOOK NUMBER
Terms of availability 275.00
035 ## - SYSTEM CONTROL NUMBER
System control number B-130629, B-045054
037 ## - SOURCE OF ACQUISITION
Source of stock number/acquisition DBAD/PUB
040 ## - CATALOGING SOURCE
Original cataloging agency DPL
082 ## - DEWEY DECIMAL CLASSIFICATION NUMBER
Classification number 000
100 ## - MAIN ENTRY--PERSONAL NAME
Personal name Tripathi, S. P.
245 ## - TITLE STATEMENT
Title Upkar's at a glance (objective questions with explanatory answers) :
Remainder of title Useful for various pre- medical tests /
Statement of responsibility, etc by S.P.Tripathi,...[ et al ]
260 ## - PUBLICATION, DISTRIBUTION, ETC. (IMPRINT)
Place of publication, distribution, etc New Delhi
Name of publisher, distributor, etc Upkar prakashan
270 ## - ADDRESS
Address 4840/24,Govind Lane, Ansari road, Daryaganj,
City New Delhi
Postal code 110002
300 ## - PHYSICAL DESCRIPTION
Extent various paging. ;
Dimensions 24 cm. (pbk)
700 ## - ADDED ENTRY--PERSONAL NAME
Personal name B. S. Yadav,
942 ## - ADDED ENTRY ELEMENTS (KOHA)
Source of classification or shelving scheme Dewey Decimal Classification
Item type English Books
Call number suffix UPK
Holdings
Withdrawn status Lost status Source of classification or shelving scheme Materials specified (bound volume or other part) Damaged status Not for loan Collection code Home library Current library Date acquired Source of acquisition Cost, normal purchase price Total Checkouts Full call number Barcode Date last seen Copy number Cost, replacement price Koha item type
    Dewey Decimal Classification pbk   Not For Loan Non-fiction Central Library Central Library 28/05/2010 Reference 275.00   UPK B-130629 28/05/2010 1 275.00 English Books
    Dewey Decimal Classification       Non-fiction Shahdara Branch Shahdara Branch 04/06/2018 BPPD/PUB 275.00   UPK B-045054 04/06/2018   275.00 English Books

© Delhi Public Library
Hit Counter
free hit counter